| 000 | 004780000a22001930004500 | ||
|---|---|---|---|
| 003 | LK-CoMWRAF | ||
| 008 | 230817t ||||| |||| 00| 0 eng d | ||
| 040 |
_aLK-CoMWRAF _dLK-CoMWRAF _eLK-CoMWRAF |
||
| 041 | _aeng | ||
| 082 |
_a750 _bALI |
||
| 100 | _aAlim, Abdul Majeed | ||
| 245 |
_aThalaimathuva Rakasiyankal _b |
||
| 260 |
_aColombo _bPuthiya Velichankal _c1998 |
||
| 300 | _ap.275 | ||
| 490 | _aNo.1 | ||
| 650 | _aAshraf | ||
| 650 | _amuslims in Sri Lanka | ||
| 942 | _cBK | ||
| 999 |
_c2879 _d2879 |
||